K riadeniu úverového rizika vo vybranej komerčnej banke

Pokračovanie príspevku z predchádzajúceho čísla. Vyhodnotenie finančnej situácie podniku na základe vybraných metód viacrozmernej diskriminačnej analýzy. Bankrotné modely. Altmanovo Z - skóre.

Guardado en:
Detalles Bibliográficos
Autor principal: Haliaková, Lucia
Otros Autores: Pilch, Ctibor, 1957-
Formato: Capítulo de libro
Lenguaje:eslovaco
Materias:
Etiquetas: Agregar Etiqueta
Sin Etiquetas, Sea el primero en etiquetar este registro!

MARC

LEADER 00000nla a2200000 4500
001 0208837
005 20240502073453.6
041 0 |a slo 
044 |a SK 
245 1 0 |a K riadeniu úverového rizika vo vybranej komerčnej banke  |c Lucia Haliaková, Ctibor Pilch 
520 |a Pokračovanie príspevku z predchádzajúceho čísla. Vyhodnotenie finančnej situácie podniku na základe vybraných metód viacrozmernej diskriminačnej analýzy. Bankrotné modely. Altmanovo Z - skóre. 
610 2 0 |a riziko úverové 
610 2 0 |a analýza diskriminačná 
610 2 0 |a analýza finančná 
610 2 0 |a riadenie rizík 
610 2 0 |a banky obchodné 
100 1 |a Haliaková, Lucia 
700 1 |a Pilch, Ctibor, 1957-